书目信息 |
| 题名: |
了解神秘的暗示催眠
|
|
| 作者: | 张明 主编 | |
| 分册: | ||
| 出版信息: | 北京 科学出版社 2004.5 |
|
| 页数: | 262页 | |
| 开本: | 21cm | |
| 丛书名: | 图解现代人心理新话题 | |
| 单 册: | ||
| 中图分类: | R749.057-64 | |
| 科图分类: | ||
| 主题词: | 催眠治疗--cui mian zhi liao--图解 , 催眠治疗--cui mian zhi liao | |
| 电子资源: | ||
| ISBN: | 7-03-012474-X | |
| 000 | 01073cam2 2200301 450 | |
| 001 | 012005008039 | |
| 005 | 20051124163114.53 | |
| 010 | @a7-03-012474-X@dCNY19.80 | |
| 100 | @a20050716d2004 em y0chiy0121 ea | |
| 101 | 0 | @achi |
| 102 | @aCN@b110000 | |
| 105 | @aa z 000yy | |
| 200 | 1 | @a了解神秘的暗示催眠@Aliao jie shen mi de an shi cui mian@e催眠入门@f张明主编 |
| 210 | @a北京@c科学出版社@d2004.5 | |
| 215 | @a262页@c图@d21cm | |
| 225 | 2 | @a图解现代人心理新话题@Atu jie xian dai ren xin li xin hua ti@f张明主编 |
| 320 | @a有书目 | |
| 330 | @a本书共分9章,内容包括对催眠的初步认识,催眠的历史,各种神奇的催眠现象,关于催眠问题的理论阐释,催眠的具体实施过程和深化等。 | |
| 333 | @a阅读对象:对心理学感兴趣的读者 | |
| 461 | 0 | @12001 @a图解现代人心理新话题 |
| 517 | 1 | @a催眠入门@Acui mian ru men |
| 606 | 0 | @a催眠治疗@Acui mian zhi liao@j图解 |
| 606 | 0 | @a催眠治疗@Acui mian zhi liao |
| 690 | @aR749.057-64@v4 | |
| 701 | 0 | @a张明@Azhang ming@4主编 |
| 801 | 0 | @aCN@bSRXX@c20051124 |
| 801 | 2 | @aCN@bSRXX@c20051110 |
| 905 | @a10447@dR749.057-64@eZ142 | |
| 了解神秘的暗示催眠:催眠入门/张明主编.-北京:科学出版社,2004.5 |
| 262页:图;21cm.-(图解现代人心理新话题/张明主编) |
| 使用对象:阅读对象:对心理学感兴趣的读者 |
| ISBN 7-03-012474-X:CNY19.80 |
| 本书共分9章,内容包括对催眠的初步认识,催眠的历史,各种神奇的催眠现象,关于催眠问题的理论阐释,催眠的具体实施过程和深化等。 |
| ● |
| 相关链接 |
|
|
|
正题名:了解神秘的暗示催眠
索取号:R749.057-64/Z142
 
预约/预借
| 序号 | 登录号 | 条形码 | 馆藏地/架位号 | 状态 | 备注 |
| 1 | 543270 | 205432708 | 自科库401/401自科库 21排2列5层/ [索取号:R749.057-64/Z142] | 在馆 | |
| 2 | 543271 | 205432717 | 自科库401/401自科库 21排2列5层/ [索取号:R749.057-64/Z142] | 在馆 | |
| 3 | 543272 | 205432726 | 自科库401/ [索取号:R749.057-64/Z142] | 在馆 |